| 000 | 00806nam a2200229 a 4500 | ||
|---|---|---|---|
| 001 | 44694 | ||
| 003 | BD-RjUL | ||
| 005 | 20211209053913.0 | ||
| 008 | 160720s1957 ii ||||| |||| 00| 0 ben d | ||
| 020 | _c: IRs.3.00 | ||
| 035 | _a(BD-RjUL)44812 | ||
| 040 |
_aBD-RjUL _bben _cBD-RjUL _dBD-RjUL |
||
| 041 | _aben | ||
| 082 |
_223 _a891.443 _bMIK 1957 |
||
| 100 |
_aমিত্র, নরেন্দ্রনাথ _9137057 |
||
| 245 | 1 | 0 |
_aকন্যাকুমারী / _cনরেন্দ্রনাথ মিত্র |
| 260 |
_aকলিকাতা : _bবেঙ্গল পাবলিশার্স, _c১৯৫৭ |
||
| 300 |
_a১৬৬ পৃ. ; _c১৭ সেমি. |
||
| 650 |
_aবাংলা উপন্যাস _9137058 |
||
| 650 |
_aBengali Fiction _9137059 |
||
| 942 |
_2ddc _cBK |
||
| 999 |
_c44694 _d44694 |
||